Iran all time starting xi - Statistics

General Stats
  • This quiz has been taken 11 times
  • The average score is 3 of 11
Answer Stats
Hint Answer % Correct
FW(1993-2006 Ali Daei
78%
FW(2015- Mehdi Taremi
67%
MF(2013- Alireza Jahanbakhsh
44%
FW(2014-2025 Sardar Azmoun
44%
MF(1998-2012 Ali Karimi
33%
GK(2015- Alireza Beiranvand
22%
DF(2007-2018 Jalal Hosseini
22%
DF(2008-2024 Ehsan Hajsafi
11%
DF(2002-2011 Hossein Kaebi
11%
MF(2000-2015 Javad Nekounam
11%
DF(2002-2013 Mohammad Nosrati
0%
No matching quizzes found
Score Distribution
Percent of People with Each Score
Percentile by Number Answered
Your Score History
You have not taken this quiz